La imagen del hombre: la creación de la masculinidad moderna

Guardat en:
Dades bibliogràfiques
Autor principal: Mosse, George L. (autor)
Format: Llibre
Idioma:espanyol
Publicat: Madrid Talasa Ediciones SL 2001
Edició:1a. ed
Col·lecció:Arcoiris, 1
Matèries:
Etiquetes: Afegir etiqueta
Sense etiquetes, Sigues el primer a etiquetar aquest registre!

MARC

LEADER 00000cam a2200000 a 4500
001 UCC7337
003 CL-VaPUC
008 190322e20010000sp |||||||||||||||||spa|d
020 |a 8488119844 
082 0 4 |a 305.31  |b MOS  |2 21 
100 |a Mosse, George L.  |e autor  |9 601906 
245 1 3 |a La imagen del hombre: la creación de la masculinidad moderna 
250 |a 1a. ed 
300 |a 251 p 
942 |c BK 
945 |d 20190322 14:57:00  |a dcastane 
260 |a Madrid  |b Talasa Ediciones SL  |c 2001 
650 0 |a Masculinidad   |9 412527 
650 0 |a Antropología cultural y social   |9 265143 
583 |a last modification  |c 20190322 14:57:00  |k Rodrigo Vera 
490 0 |a Arcoiris, 1 
999 |c 374007  |d 374005 
952 |0 0  |1 0  |3 erb  |4 0  |6 305_310000000000000_MOS_2001  |7 0  |8 A  |9 492356  |a BIBHIS  |b BIBHIS  |i 553819K  |l 1  |o 305.31 MOS 2001  |p 553819K  |q 2025-05-22  |r 2025-04-21  |s 2025-04-21  |w 2019-11-24  |y BK  |z Catalogado en:20190322  |k HIS